Normal view
MARC view
- Rensch, Calvin R.
Entry Personal Name
001 - CONTROL NUMBER
- control field: 14750
003 - CONTROL NUMBER IDENTIFIER
- control field: NUST
005 - DATE AND TIME OF LATEST TRANSACTION
- control field: 20190612074137.0
008 - FIXED-LENGTH DATA ELEMENTS
- fixed length control field: 190612|| aca||aabn | a|a d
040 ## - CATALOGING SOURCE
- Original cataloging agency: NUST
- Transcribing agency: NUST
100 ## - HEADING--PERSONAL NAME
- Personal name: Rensch, Calvin R.
670 ## - SOURCE DATA FOUND
- Source citation: Work cat.: (NUST): Rensch, Calvin R., Hindko and Gujari /, 1992.
